000
00291nam a22001337a 4500
008
170526b xxu||||| |||| 00| 0 eng d
020
_a
9780071448932
041
_a
eng
080
_a
62
100
_a
25
101
_a
IM
245
_a
THE TOYOTA WAY FIELDBOOK
_c
LIKER,J.K
942
_2
udc
_c
BK
999
_c
14565
_d
14565